LEADER 01857oam 2200481I 450 001 9910715033003321 005 20201124090159.0 035 $a(CKB)5470000002507676 035 $a(OCoLC)785289730$z(OCoLC)762057780 035 $a(EXLCZ)995470000002507676 100 $a20120408j196809 ua 0 101 0 $aeng 135 $aur||||||||||| 181 $ctxt$2rdacontent 182 $cc$2rdamedia 183 $acr$2rdacarrier 200 12$aA matrix method for studying motions of spacecraft consisting of interconnected rigid bodies /$fby Richard E. Turner 210 1$aWashington, D.C. :$cNational Aeronautics and Space Administration,$dSeptember 1968. 215 $a1 online resource (45 pages) $cillustrations 225 1 $aNASA technical note ;$vTN D-4749 300 $a"September 1968." 320 $aIncludes bibliographical references (page 32). 606 $aSpace vehicles$xDynamics$xMathematical models 606 $aArtificial satellites$xDynamics$xMathematical models 606 $aArtificial satellites$xDynamics$xMathematical models$2fast 606 $aSpace vehicles$xDynamics$xMathematical models$2fast 615 0$aSpace vehicles$xDynamics$xMathematical models. 615 0$aArtificial satellites$xDynamics$xMathematical models. 615 7$aArtificial satellites$xDynamics$xMathematical models. 615 7$aSpace vehicles$xDynamics$xMathematical models. 700 $aTurner$b Richard E.$0202748 712 02$aUnited States.$bNational Aeronautics and Space Administration, 801 0$bOCLCE 801 1$bOCLCE 801 2$bOCLCQ 801 2$bOCLCO 801 2$bOCLCF 801 2$bOCLCQ 801 2$bGPO 906 $aBOOK 912 $a9910715033003321 996 $aA matrix method for studying motions of spacecraft consisting of interconnected rigid bodies$93528878 997 $aUNINA